000 01131nam a22002657a 4500
001 3343
003 FISKH
005 20260325111016.0
008 240228b cb ||||| |||| 00| 0 eng d
020 _a9789814281355
040 _aFISKH
_beng
_cFISKH
_dFISKH
050 _a398.2
100 _aRandell, Beverley
245 _aThe strange shoe /
_cRetold by Beverley Randell ; illustrated by Pat Reynolds
250 _aFirst published in 2000
260 _aSouth Melbourne :
_bNelson Price Milburn ,
_c2000
300 _a32 pages :
_bcolor illustrations ;
_c22 cm .
505 _aK
520 _aAs in all fables there is a moral: 'It is difficult to take in ideas, however valid, that are well beyond our experience.' Children who read this traditional tale should be able to appreciate the animals' puzzlement, and look at themselves in a new way. The fable has been retold from 'Short Stories About Animals', London 1882. Set in an Indian jungle in the mythical past.
521 8 _a510
_bLexile
521 8 _aK
_bRaz-Plus
650 _astrange shoe
_vFolktale
942 _2ddc
_cBK
_n0
999 _c3343
_d3343